000
00329nam a22001337a 4500
008
180126b xxu||||| |||| 00| 0 eng d
020
_a
9780435087876
041
_a
eng
080
_a
37
100
_a
47
101
_a
EDU
245
_a
Learning about reading, writing, and teching with first graders
_c
Avery,C
942
_2
udc
_c
BK
999
_c
41060
_d
41060